000 01599nam a2200397 a 4500
003 CO-BoRNBP
005 20241018084129.0
007 ta
008 110224s2010 ck gr 00010dspa d
020 _a9789588250915
020 _a(Colecciòn) 9789588250885
040 _aCO-BoBLA
_bspa
_cCO-BoBLA
041 0 _aspa
043 _as-ck---
082 0 4 _aCo863.6
_bT78v4
_219
100 1 _aTruque, Carlos Arturo,
_d1927-1970.
_933745
240 1 0 _aChocó-Bibliografía regional
245 1 0 _aVivan los compañeros :
_bcuentos completos /
_cCarlos Arturo Truque ; prólogo de Sonia Nadhezda Truque.
250 _a1a. edición
300 _a210 p. ;
_c21 cm.
336 _2rdacontent
_atexto
_btxt
337 _2rdamedia
_asin mediación
_bn
338 _2rdacarrier
_avolumen
_bnc
490 0 _aBiblioteca de literatura afrocolombiana ;
_v5
650 7 _aPoesía colombiana.
_2BLAAUTO
_91069
650 7 _aNegros
_zValle del Cauca (Colombia)
_vCuentos.
_2BLAAUTO
_943212
650 7 _aNegros
_aNegros
_xCondiciones sociales
_zValle del Cauca (Colombia)
_vCuentos.
_2BLAAUTO
_943213
650 7 _aNegros
_zValle del Cauca (Colombia)
_xVida social y costumbres
_vCuentos.
_2BLAAUTO
_943214
700 1 _aTruque, Sonia Nadhezda,
_d1953-
_epról.
_943215
730 0 _aValle del Cauca-Bibliografía regional.
_943216
830 0 _aColección de documentos en Biblioteca Virtual
_943217
830 0 _aMalcom Deas-Colección
_943218
856 4 0 _uhttp://www.banrepcultural.org/blaavirtual/biblioteca-afrocolombiana/vivan-los-companeros-truque
_zAcceso a texto completo
942 _2ddc
_cBK
949 _ac
_bc
999 _c38479
_d38479